000 00291nam a22001337a 4500
008 170522b xxu||||| |||| 00| 0 eng d
020 _a9780312183684
041 _aeng
080 _a94
100 _a16
101 _aSHH
245 _aTHE MAKING OF THE WEST
_cHUNT.L
942 _2udc
_cBK
999 _c13624
_d13624